000 00638cam a22002171 4500
001 ca 36001989
003 DLC
005 20260227111145.0
008 881114s1927 cou 000 0 eng
010 _aca 36001989
035 _a(OCoLC)18757276
040 _aDLC
_cRPB
_dRPB
_dDLC
042 _apremarc
050 0 0 _aPN4305.M6
_bD36
082 _a815.5
100 1 _aDavison, Ada Clark,
_d1882-
245 1 0 _aWaiting for the groom;
_breading for girl,
_cby Ada Davidson [!] ...
260 _aFranklin, O., Denver, Colo.,
_bEldridge entertainment House, Inc.,
_cc1927.
300 _a5 p.
_c19 cm.
490 0 _aEldridge popular monologs
999 _c18396
_d18396